Catálogo
 En Linea

Descubrimiento (Registro nro. 58108)

Detalles MARC
000 -CABECERA
campo de control de longitud fija 00504nas a2200145 i 4500
001 - NÚMERO DE CONTROL
campo de control 253450
008 - DATOS DE LONGITUD FIJA--INFORMACIÓN GENERAL
campo de control de longitud fija 890206s spco || o001 |||
245 ## - MENCIÓN DE TÍTULO
Título Descubrimiento
260 ## - PUBLICACIÓN, DISTRIBUCIÓN, ETC.
Lugar de publicación, distribución, etc. Santo Domingo :
Nombre del editor, distribuidor, etc. Fundación Ciencia y Arte
500 ## - NOTA GENERAL
Nota general El número 9-10 del 1990 está en una sola edición, no se visualiza porque el sistema no acepta dos números en una edición
650 ## - PUNTO DE ACCESO ADICIONAL DE MATERIA--TÉRMINO DE MATERIA
9 (RLIN) 15807
Término de materia o nombre geográfico como elemento de entrada Ciencia
650 ## - PUNTO DE ACCESO ADICIONAL DE MATERIA--TÉRMINO DE MATERIA
9 (RLIN) 2031
Término de materia o nombre geográfico como elemento de entrada Artes
650 ## - PUNTO DE ACCESO ADICIONAL DE MATERIA--TÉRMINO DE MATERIA
9 (RLIN) 48926
Término de materia o nombre geográfico como elemento de entrada Fundación Ciencia y Arte
Subdivisión geográfica Publicaciones seriadas
942 ## - ELEMENTOS DE PUNTO DE ACCESO ADICIONAL (KOHA)
Tipo de ítem Koha

No hay ítems disponibles.

Con tecnología Koha